Podnikové hospodárstvo

Salvato in:
Dettagli Bibliografici
Autore principale: Sedlák, Mikuláš
Altri autori: Kachaňáková, Anna, Mišík, Vladimír, Nízka, Helena, Oláh, Michal, Vlachynský, Karol
Natura: Libro
Lingua:slovacco
Pubblicazione: Bratislava IURA EDITION 2007
Serie:Ekonómia
Soggetti:
Tags: Aggiungi Tag
Nessun Tag, puoi essere il primo ad aggiungerne!!

MARC

LEADER 00000nam$a2200000$$$4500
001 0055452
005 20240226122810.6
020 |a 978-80-8078-093-7 
041 0 |a slo 
044 |a SK 
245 1 0 |a Podnikové hospodárstvo  |c Mikuláš Sedlák a kolektív 
264 1 |a Bratislava  |b IURA EDITION  |c 2007 
300 |a 255 s. 
490 1 |a Ekonómia 
830 0 |a Ekonómia 
610 2 0 |a hospodárstvo podnikové 
610 2 0 |a podnik 
610 2 0 |a veľkosť podnikov 
610 2 0 |a faktory výrobné 
610 2 0 |a procesy podnikové 
610 2 0 |a náklady 
610 2 0 |a ceny 
610 2 0 |a financie podnikové 
610 2 0 |a rozhodovanie finančné 
610 2 0 |a výsledok hospodársky 
610 2 0 |a plánovanie finančné 
610 2 0 |a analýza finančná 
610 2 0 |a kontrola 
100 1 |a Sedlák, Mikuláš 
700 1 |a Kachaňáková, Anna 
700 1 |a Mišík, Vladimír 
700 1 |a Nízka, Helena 
700 1 |a Oláh, Michal 
700 1 |a Vlachynský, Karol